000 00428nam a2200181Ia 4500
001 1442
005 20260306143728.0
008 260306t2010||||xx |||||||||||||| ||spa||
041 _aESP
082 _a150.19
_bC28
100 _aCarpintero, Helio
_eAUT
245 0 _aHistoria de las ideas psicológicas
260 _c2010
300 _a489 páginas :
_c23 cm.
650 _aGEN
654 _aCPS
942 _cLIB
_dJUS
_fJUS
_2ddc
_n
999 _c1442
_d1442